000 00505nam a2200169Ia 4500
003 LDD
008 190117s9999 xx 000 0 und d
020 _c₹70
040 _cLDD
041 _ahi
082 _a8H3.7 या4668छो
100 _aयादव, राजेन्द्र
245 0 _aछोटे-छोटे ताजमहल
_cराजेन्द्र यादव
260 _aनई दिल्ली
_bअक्षर
_c1919
300 _a216प्र.
942 _2ddc
_cH
999 _c167726
_d167726